000 00865nam a22002297a 4500
999 _c1400
_d1400
003 AR-CdUCM
008 190226b ||||| |||| 00| 0 spa d
040 _aMUNICIPALIDAD PROVINCIAL DEL CUSCO
_cBIBLIOTECA MUNICIPAL DEL CUSCO
082 _a345.72 /
_bE86
100 _aEspinosa Quiroga, Hernán
_95325
245 _aLa academia de leyes y practica forense /
260 _aChile :
_bJurídica de Chile ,
_c1954
300 _a158 páginas
_c26 cm.
440 _aColección de seminarios y institutos
_95326
505 _aLos estudios jurídicos y las academias de jurisprudencia -- Academias de jurisprudencia -- Los estudios jurídicos...
650 _aAcademias de jurisprudencia.
_95327
650 _aPractica forense
_95328
650 _aEstudios Jurídicos.
_95329
650 _aAcademia de leyes.
_95330
942 _2ddc
_cLIBROS
945 _awfj
_d2019-02-26